Statistics for Majority Arid Countries

Click here to take the quiz!

General Stats

  • This quiz has been taken 46 times
  • The average score is 36 of 43

Answer Stats

Answer% Correct
Algeria
97%
Morocco
97%
Oman
97%
Sudan
97%
Yemen
97%
Afghanistan
94%
Egypt
94%
Iran
94%
Iraq
94%
Israel
94%
Kuwait
94%
Syria
94%
Tunisia
94%
Chad
90%
Jordan
90%
Libya
90%
Mali
90%
Mauritania
90%
Pakistan
90%
Qatar
90%
Saudi Arabia
90%
Bahrain
87%
Niger
87%
Somalia
87%
Turkmenistan
87%
United Arab Emirates
87%
Ethiopia
84%
Kazakhstan
84%
Uzbekistan
84%
Eritrea
81%
Burkina Faso
77%
Djibouti
77%
Namibia
77%
Senegal
77%
Australia
74%
Botswana
74%
Argentina
71%
Azerbaijan
71%
Kenya
71%
Mongolia
71%
South Africa
71%
Zimbabwe
65%
Cape Verde
48%

Score Distribution

Percentile by Number Answered

Percent of People with Each Score

Your Score History

You have not taken this quiz